000
00300nam a2200133Ia 4500
008
231129s1970||||xx |||||||||||||| ||spa||
040
_b
spa
082
_a
E863 G463v
100
_a
Gil Novales Ramon
245
0
_a
Voz de muchas aguas
260
_c
1970
264
_a
Seix Barral
942
_2
ddc
_c
BKS
999
_c
26444
_d
26444